000 01210nam a2200313Ia 4500
005 20220317001123.0
008 160825s2008 ck a g 000 0 spa
020 _a97895820043012
100 1 _aBuenaventura Vidal, Nicolás
_d1962-
245 1 4 _aLos cuentos del maestro Nicolás
_cNicolás Buenaventura ; ilustrado por Oscar Iván Hernández
250 _a2a. edición
300 _a84 páginas
_bilustraciones en blanco y negro
_c19 cm
490 _aMontaña mágica
505 _aLa ronda de Dios y el conejo -- La ronda de tío conejo y Micongo
650 1 4 _2LEMB
_aCuentos infantiles colombianos
_ySiglo XX
650 1 4 _2LEMB
_aLiteratura infantil colombiana
_ySiglo XX
650 1 4 _2LEMB
_aAnimales en la literatura
650 1 4 _2LEMB
_aConejos en la literatura
650 1 4 _2LEMB
_aLibros y lectura para niños
700 1 _aHernández, Oscar Iván
_966372
740 3 2 _aLa ronda de Dios y el conejo
_aLa ronda de tío conejo y Micongo
942 _2loc
_cBKINF
264 _aBogotá
_bMagisterio
_c2008
336 _atexto
_btxt
_2rdacontent
337 _asin mediación
_bn
_2rdamedia
338 _avolumen
_bnc
_2rdacarrier
040 _aCO-BoRNBP
_bspa
_erda
_cCO-BoRNBP
084 _aC BUE5
999 _c5981
_d5981